Kritéria a ukazatele ekonomické efektivnosti v plánovitém řízení
Salvato in:
| Autore principale: | |
|---|---|
| Altri autori: | |
| Natura: | Libro |
| Lingua: | ceco |
| Pubblicazione: |
Praha
Výzkumný ústav plánování a řízení národního hospodářství
1980
|
| Serie: | Výzkumné práce
č. 85 |
| Tags: |
Nessun Tag, puoi essere il primo ad aggiungerne!!
|
MARC
| LEADER | 00000nam a2200000 4500 | ||
|---|---|---|---|
| 001 | c140325 | ||
| 005 | 20041019155318.5 | ||
| 041 | 0 | |a cze | |
| 044 | |a CZ | ||
| 245 | 1 | 0 | |a Kritéria a ukazatele ekonomické efektivnosti v plánovitém řízení |c I. Pastrňák, Jiří Mihola |
| 264 | 1 | |a Praha |b Výzkumný ústav plánování a řízení národního hospodářství |c 1980 | |
| 300 | |a 100 s. | ||
| 490 | 1 | |a Výzkumné práce |v č. 85 | |
| 830 | 0 | |a Výzkumné práce |v č. 85 | |
| 100 | 1 | |a Pastrňák, Ivo | |
| 700 | 1 | |a Mihola, Jiří | |